Countries by Richest Person - Statistics

General Stats
  • This quiz has been taken 40 times
  • The average score is 6 of 10
Answer Stats
Net Worth Citizen Country % Correct
186.1 Billion USD Elon Musk United States
100%
60.1 Billion USD Zhong Shansan China
97%
9.1 Billion USD Kim Beom-soo South Korea
89%
83.4 Billion USD Mukesh Ambani India
86%
29.1 Billion USD Gina Rinehart Australia
57%
2.5 Billion USD Thor Bjorgolfsson Iceland
54%
25.7 Billion USD Low Tuck Kwong Indonesia
49%
16.6 Billion USD Vicky Safra Brazil
38%
1 Billion USD Muhammed Aziz Khan Bangladesh
27%
3.3 Billion USD Kenneth Dart Belize
3%
No matching quizzes found
Score Distribution
Percent of People with Each Score
Percentile by Number Answered
Your Score History
You have not taken this quiz